[Event "38th Nezhmetdinov Mem"]
[Site "Kazan RUS"]
[Date "2016.06.07"]
[Round "8.34"]
[White "Filipenko, Alexander V"]
[Black "Murtazin, Ruslan"]
[Result "1/2-1/2"]
[WhiteTitle "IM"]
[WhiteElo "2278"]
[BlackElo "2050"]
[WhiteFideId "4104471"]
[BlackFideId "24175960"]
[EventDate "2016.05.31"]

1. e4 c5 2. Nf3 e6 3. d4 cxd4 4. Nxd4 Nc6 5. Nc3 Qc7 6. f4 a6 7. Nxc6 Qxc6 8.
Bd3 b5 9. Qe2 Bb7 10. Bd2 Bc5 11. a3 Ne7 12. O-O-O O-O 13. Qh5 f6 14. Rhf1 b4
15. axb4 Bxb4 16. Rf3 Qc5 17. Qxc5 Bxc5 18. Na4 Ba7 19. Bb4 Rfe8 20. Nc5 Bc6 21.
Nxa6 Bb6 22. Bxe7 Rxe7 23. Nb4 Bb7 24. Kd2 Bc5 25. c3 f5 26. Re1 Ra4 27. Kc2
Bxb4 28. cxb4 Rxb4 29. Rfe3 fxe4 30. Bxe4 d5 31. Bf3 Rc7+ 32. Rc3 Rxc3+ 33. bxc3
Rb6 34. Rb1 Rxb1 35. Kxb1 Ba6 36. Kc2 Kf7 37. Kd2 Kf6 38. h4 g6 39. g4 h6 40.
Ke3 Bc4 41. g5+ hxg5 42. hxg5+ Kf7 43. Kd4 Bb5 44. Kc5 Bd3 45. Kd6 Bf5 46. Be2
Bh3 47. Bb5 Bf5 48. Bf1 Bg4 49. Bd3 Bh3 1/2-1/2

[Event "38th Nezhmetdinov Mem"]
[Site "Kazan RUS"]
[Date "2016.06.07"]
[Round "8.36"]
[White "Baraeva, Marina"]
[Black "Gagarin, Sergey"]
[Result "1-0"]
[WhiteTitle "WIM"]
[WhiteElo "2208"]
[BlackElo "1997"]
[WhiteFideId "24142573"]
[BlackFideId "24175463"]
[EventDate "2016.05.31"]

1. d4 Nf6 2. c4 e6 3. Nf3 Bb4+ 4. Bd2 Qe7 5. g3 Nc6 6. Nc3 Bxc3 7. Bxc3 Ne4 8.
Rc1 O-O 9. Bg2 Nxc3 10. Rxc3 d6 11. O-O e5 12. d5 Nb8 13. Qc2 a5 14. c5 Na6 15.
cxd6 cxd6 16. Nd2 b5 17. a3 a4 18. f4 Bd7 19. fxe5 Qxe5 20. Nf3 Qe7 21. Nd4 Rac8
22. Nxb5 Rxc3 23. Nxc3 Qe3+ 24. Kh1 Nc5 25. Ne4 Nxe4 26. Bxe4 f5 27. Bd3 Qd4 28.
e4 fxe4 29. Rxf8+ Kxf8 30. Bxe4 Bh3 31. Qe2 Qc5 32. Qd2 Qc4 33. Bg2 Bxg2+ 34.
Kxg2 Qe4+ 35. Kf2 Kg8 36. Qe2 Qd4+ 37. Ke1 Qg1+ 38. Kd2 Qd4+ 39. Kc2 Qc5+ 40.
Kb1 Kf8 41. Qf3+ Ke7 42. Qe4+ Kf7 43. Qf4+ Kg6 44. Qxa4 Qxd5 45. Qc2+ Kh6 46. a4
Qe5 47. Qd2+ Kg6 48. a5 d5 49. a6 d4 50. Qd3+ Kf7 51. a7 Qe1+ 52. Kc2 Qf2+ 53.
Kb3 Qg2 54. Qxd4 Qb7+ 55. Ka3 1-0

[Event "38th Nezhmetdinov Mem"]
[Site "Kazan RUS"]
[Date "2016.06.07"]
[Round "8.37"]
[White "Tretyakov, Stepan"]
[Black "Bezdenezhnyh, Pavel"]
[Result "1/2-1/2"]
[WhiteElo "1967"]
[BlackElo "2181"]
[WhiteFideId "24198820"]
[BlackFideId "24126845"]
[EventDate "2016.05.31"]

1. d4 Nf6 2. c4 g6 3. Nc3 d5 4. Bf4 Bg7 5. e3 O-O 6. cxd5 Nxd5 7. Nxd5 Qxd5 8.
Bxc7 Na6 9. Bxa6 bxa6 10. Nf3 Bf5 11. O-O Rfc8 12. Bg3 Rc2 13. b3 Rac8 14. Ne5
Bxe5 15. Bxe5 Qa5 16. Qf3 Bd3 17. Rfe1 f6 18. b4 Qxb4 19. Qd5+ Kg7 20. Bg3 Bc4
21. Qd7 Bxa2 22. Qxa7 a5 23. d5 Bxd5 24. e4 Ra8 25. Qe3 Be6 26. Reb1 Qc5 27.
Qxc5 Rxc5 28. Rb7 Kf8 29. Rb8+ Rxb8 30. Bxb8 Rc8 31. Bf4 Ra8 32. Bc1 a4 33. f3
Bb3 34. Ba3 Kf7 35. Kf2 g5 36. Rc1 Ra7 37. Ke3 Rd7 38. g3 h5 39. h4 Rb7 40. Rb1
e5 41. Rb2 Rc7 42. Rd2 1/2-1/2

[Event "38th Nezhmetdinov Mem"]
[Site "Kazan RUS"]
[Date "2016.06.07"]
[Round "8.39"]
[White "Murzin, Lenar"]
[Black "Galiev, Irek"]
[Result "1-0"]
[WhiteTitle "IM"]
[WhiteElo "2104"]
[BlackElo "1859"]
[WhiteFideId "4116461"]
[BlackFideId "34147150"]
[EventDate "2016.05.31"]

1. d4 d5 2. c4 c6 3. cxd5 cxd5 4. Bf4 Nc6 5. e3 Bf5 6. Nc3 Nf6 7. Nf3 e6 8. Qb3
Bb4 9. Bb5 Qa5 10. Bxc6+ bxc6 11. O-O O-O 12. Bc7 Qxc7 13. Qxb4 Rfc8 14. Na4
Rab8 15. Qa3 Qa5 16. Rac1 Bd3 17. Rfe1 Bb5 18. Nc5 Qxa3 19. bxa3 Ne8 20. Ne5 Nd6
21. Rb1 Ra8 22. a4 Bc4 23. a3 Rc7 24. Rb4 Kf8 25. Reb1 Be2 26. f3 Nc4 27. Nxc4
Bxc4 28. e4 Ke7 29. Rb7 Rc8 30. e5 f6 31. f4 h6 32. Kf2 g5 33. g3 fxe5 34. fxe5
Ba2 35. R1b2 Bc4 36. a5 Bb5 37. Rxc7+ Rxc7 38. Ke3 1-0

[Event "38th Nezhmetdinov Mem"]
[Site "Kazan RUS"]
[Date "2016.06.07"]
[Round "8.40"]
[White "Lilov, Aleksandr"]
[Black "Gilyazitdinov, Nikita"]
[Result "1/2-1/2"]
[WhiteElo "1935"]
[BlackElo "2065"]
[WhiteFideId "24180513"]
[BlackFideId "4184106"]
[EventDate "2016.05.31"]

1. e4 e5 2. Nf3 Nc6 3. Bc4 Bc5 4. c3 Nf6 5. d3 d6 6. h3 O-O 7. Bg5 Be6 8. Nbd2
a6 9. O-O h6 10. Bh4 g5 11. Bg3 Nh5 12. Kh2 Nxg3 13. fxg3 Bxc4 14. Nxc4 b5 15.
Ncd2 Qe7 16. Nb3 Bb6 17. d4 exd4 18. Nfxd4 Nxd4 19. Nxd4 Bxd4 20. Qxd4 Rfe8 21.
Rf6 Qxe4 22. Qf2 Qe2 23. Rf1 Qxf2 24. R1xf2 Re7 25. Rxh6 Kg7 26. Rhf6 Rh8 27.
R6f5 Kg6 28. g4 Rf8 29. Rf6+ Kg7 30. g3 Re4 31. Kg2 Rc4 32. R6f5 f6 33. Re2 b4
34. cxb4 Rxb4 35. Kf3 Kf7 36. h4 gxh4 37. gxh4 Rg8 38. Rf4 Rb5 39. Rfe4 Kg6 40.
Re7 Rc5 41. Rd7 Rg7 42. Rd8 Rc1 43. Kg3 Rg1+ 44. Rg2 Rd1 45. Rf2 Re7 46. Rb8
Rg1+ 47. Kf4 d5 48. h5+ Kg7 49. Rc2 Rf1+ 50. Kg3 Rg1+ 51. Kf3 Rf1+ 52. Kg2 Rfe1 1/2-1/2

[Event "38th Nezhmetdinov Mem"]
[Site "Kazan RUS"]
[Date "2016.06.07"]
[Round "8.41"]
[White "Matskevich, Ivan"]
[Black "Musaev, Rasul"]
[Result "1-0"]
[BlackTitle "FM"]
[WhiteElo "1976"]
[BlackElo "2310"]
[WhiteFideId "34191930"]
[BlackFideId "24146870"]
[EventDate "2016.05.31"]

1. e4 e6 2. Qe2 c5 3. g3 Nc6 4. Nf3 g6 5. Bg2 Bg7 6. O-O d6 7. Nc3 Nge7 8. d3
Rb8 9. Be3 b5 10. Qd2 b4 11. Nd1 h6 12. Nh4 g5 13. Nf3 Ng6 14. Ne1 Nge5 15. f3
g4 16. f4 Nd7 17. h3 gxh3 18. Bxh3 a5 19. Nf3 Nd4 20. c3 Nxf3+ 21. Rxf3 Bb7 22.
Rf2 Qe7 23. Bg2 Nf6 24. Bf3 h5 25. Rh2 Kd7 26. Nf2 Rbg8 27. cxb4 axb4 28. d4
cxd4 29. Bxd4 Rb8 30. Qxb4 Rhc8 31. Bxf6 Qxf6 32. e5 dxe5 33. Bxb7 Rc7 34. Rd1+ 1-0

[Event "38th Nezhmetdinov Mem"]
[Site "Kazan RUS"]
[Date "2016.06.07"]
[Round "8.42"]
[White "Mischeryakov, Alexey"]
[Black "Alekseeva, Irina"]
[Result "0-1"]
[WhiteElo "1976"]
[BlackElo "2177"]
[WhiteFideId "34156434"]
[BlackFideId "24178683"]
[EventDate "2016.05.31"]

1. c4 Nf6 2. Nc3 c5 3. g3 d5 4. cxd5 Nxd5 5. Bg2 Nc7 6. d3 Nc6 7. Nf3 e5 8. Nd2
Be7 9. Nc4 f6 10. O-O O-O 11. f4 Be6 12. f5 Bf7 13. e3 Qd7 14. Be4 Rad8 15. Qf3
Nb4 16. Rd1 Nc2 17. Rb1 b5 18. Bc6 Bh5 19. Qg2 Qxf5 20. Nd5 Nxd5 21. Bxd5+ Kh8
22. e4 Qd7 23. Qxc2 Bxd1 24. Qxd1 bxc4 25. dxc4 f5 26. Be3 f4 27. gxf4 exf4 28.
Bf2 Rf6 29. Qf3 Rh6 30. e5 Qf5 31. Re1 Rh3 32. Bg3 Rf8 33. Re4 0-1

[Event "38th Nezhmetdinov Mem"]
[Site "Kazan RUS"]
[Date "2016.06.07"]
[Round "8.43"]
[White "Ashrafzianov, Igor"]
[Black "Smougalev, Gennady"]
[Result "0-1"]
[BlackTitle "FM"]
[WhiteElo "1962"]
[BlackElo "2161"]
[WhiteFideId "24122572"]
[BlackFideId "4122410"]
[EventDate "2016.05.31"]

1. d4 d5 2. Nf3 e6 3. c4 c6 4. Qc2 a6 5. a4 dxc4 6. a5 c5 7. dxc5 Nc6 8. Qxc4
Nxa5 9. Qc3 Nc6 10. e4 Nf6 11. Nbd2 Be7 12. b4 Bd7 13. Bd3 a5 14. b5 Nb4 15. Ba3
Rc8 16. Nb3 Nxd3+ 17. Qxd3 a4 18. Nbd4 Qa5+ 19. Nd2 e5 20. c6 exd4 21. cxd7+
Nxd7 22. Bxe7 Kxe7 23. O-O Rhd8 24. Qxd4 Nc5 25. Qe5+ Ne6 26. Nf3 Rc5 27. Qg3
Rxb5 28. Qh4+ Ke8 29. e5 Rb4 30. Qxh7 Qd5 31. Qc2 Rc4 32. Qe2 Re4 33. Qc2 Rg4
34. h3 Nd4 35. Qa2 Nxf3+ 36. Kh1 Rc4 37. gxf3 Qxf3+ 38. Kg1 Qxh3 39. f3 Rc6 40.
e6 Rxe6 41. Rae1 Qg3+ 42. Qg2 Qxg2+ 43. Kxg2 Rxe1 44. Rxe1+ Kf8 0-1

[Event "38th Nezhmetdinov Mem"]
[Site "Kazan RUS"]
[Date "2016.06.07"]
[Round "8.44"]
[White "Kurninov, Andrei"]
[Black "Mukhutdinov, Tigran"]
[Result "1-0"]
[WhiteElo "1772"]
[BlackElo "2098"]
[WhiteFideId "4178963"]
[BlackFideId "34108570"]
[EventDate "2016.05.31"]

1. e4 e5 2. Nf3 Nc6 3. Nc3 Nf6 4. d4 exd4 5. Nxd4 Bb4 6. Nxc6 bxc6 7. Bd3 O-O 8.
O-O Re8 9. Qf3 Rb8 10. Bg5 h6 11. Be3 a5 12. h3 Bf8 13. b3 d6 14. Rad1 Nd7 15.
Qg3 Qf6 16. Ne2 Ne5 17. Bd4 Qg6 18. Bxe5 dxe5 19. Qe3 Qg5 20. f4 exf4 21. Qxf4
Qxf4 22. Rxf4 Bd6 23. Rf3 Be6 24. Kh1 c5 25. Nf4 c4 26. bxc4 Bxf4 27. Rxf4 Rb2
28. Ra1 Reb8 29. e5 c5 30. a3 Kf8 31. g4 Ke7 32. Kg2 Rb1 33. Rf1 Rxf1 34. Rxf1
Rb2 35. Kf2 Bd7 36. Ke2 Bc6 37. h4 1-0

[Event "38th Nezhmetdinov Mem"]
[Site "Kazan RUS"]
[Date "2016.06.07"]
[Round "8.45"]
[White "Kalabukhov, Bogdan"]
[Black "Shafigullina, Zarina"]
[Result "1-0"]
[WhiteElo "2056"]
[BlackElo "1901"]
[WhiteFideId "34102865"]
[BlackFideId "24174220"]
[EventDate "2016.05.31"]

1. d4 Nf6 2. Nf3 b6 3. Bf4 Bb7 4. e3 e6 5. Nbd2 Be7 6. h3 c5 7. c3 O-O 8. Bd3 d5
9. O-O Ne4 10. Qc2 f5 11. Ne5 Nd7 12. f3 Nxd2 13. Qxd2 Bf6 14. Rae1 g5 15. Nxd7
Qxd7 16. Be5 Bxe5 17. dxe5 f4 18. h4 gxh4 19. exf4 Qg7 20. f5 exf5 21. e6 Rae8
22. Qf4 Qg3 23. Qxg3+ hxg3 24. Re5 f4 25. e7 Rf7 26. Rfe1 Bc6 27. Bf5 Kg7 28.
Bg4 d4 29. cxd4 cxd4 30. Bh5 Rf6 31. Bxe8 Bxe8 32. Rd5 Kf7 33. Rxd4 h5 34. Ree4
Rc6 35. Rc4 Rd6 36. Red4 1-0

[Event "38th Nezhmetdinov Mem"]
[Site "Kazan RUS"]
[Date "2016.06.07"]
[Round "8.46"]
[White "Mirzaeva, Gulnara"]
[Black "Sinyanskiy, Maxim"]
[Result "0-1"]
[WhiteElo "1973"]
[BlackElo "2042"]
[WhiteFideId "24178780"]
[BlackFideId "4178068"]
[EventDate "2016.05.31"]

1. e4 e5 2. Nf3 Nc6 3. Bc4 Nf6 4. d3 Be7 5. O-O O-O 6. Re1 d6 7. a4 Kh8 8. c3
Ng8 9. d4 f5 10. h3 fxe4 11. Nh2 d5 12. Ba2 exd4 13. cxd4 Nb4 14. Be3 Nd3 15.
Re2 Bg5 16. Bxg5 Qxg5 17. h4 Qh5 18. Rd2 Qxh4 19. Bxd5 Nxf2 20. Qc2 e3 21. Re2
Qxd4 22. Bxg8 Rxg8 23. Nd2 Nh3+ 24. gxh3 exd2+ 25. Kg2 Qd5+ 26. Kg1 Qg5+ 27. Kh1
Bf5 28. Qc4 Rad8 29. Qb3 Rge8 30. Rxe8+ Rxe8 31. Nf3 Be4 32. Rg1 Qd5 33. Qxd5
Bxd5 34. Kg2 Rf8 0-1

[Event "38th Nezhmetdinov Mem"]
[Site "Kazan RUS"]
[Date "2016.06.07"]
[Round "8.47"]
[White "Terentev, Mikhail"]
[Black "Dolgaeva, Evgenia"]
[Result "1-0"]
[WhiteElo "2024"]
[BlackElo "1879"]
[WhiteFideId "24183814"]
[BlackFideId "24174564"]
[EventDate "2016.05.31"]

1. e4 c5 2. Nf3 Nc6 3. d4 cxd4 4. Nxd4 g6 5. Nc3 Bg7 6. Be3 Nf6 7. Bc4 O-O 8.
Bb3 d6 9. h3 Bd7 10. O-O Nxd4 11. Bxd4 b5 12. Nd5 e5 13. Nxf6+ Qxf6 14. Be3 Bc6
15. Bd5 Bxd5 16. Qxd5 1-0

[Event "38th Nezhmetdinov Mem"]
[Site "Kazan RUS"]
[Date "2016.06.07"]
[Round "8.48"]
[White "Shipitsyna, Guzyal"]
[Black "Filyanin, Daniil"]
[Result "0-1"]
[WhiteElo "1478"]
[BlackElo "2006"]
[WhiteFideId "24141348"]
[BlackFideId "24177300"]
[EventDate "2016.05.31"]

1. d4 d5 2. c4 c6 3. Nc3 Nf6 4. e3 a6 5. a4 e6 6. Nf3 a5 7. Qc2 Na6 8. cxd5 Nb4
9. Qb1 exd5 10. Na2 Ne4 11. Nxb4 Bxb4+ 12. Bd2 Qe7 13. Qc1 Nxd2 14. Nxd2 Bf5 15.
Be2 O-O 16. O-O b6 17. Nf3 c5 18. Qd1 Rfd8 19. h3 Rac8 20. Bd3 Be4 21. Ne5 Bxd3
22. Qxd3 cxd4 23. exd4 f6 24. Nf3 Rc4 25. Rfd1 Qe4 26. g4 g6 27. g5 Be7 28. h4
fxg5 29. Qxe4 dxe4 30. Nxg5 Rdxd4 31. Ne6 Rxd1+ 32. Rxd1 Kf7 33. Ng5+ Bxg5 34.
hxg5 Rxa4 35. Rd7+ Ke6 36. Rxh7 Rb4 37. Rh8 Kf5 38. Kg2 Rxb2 39. Kg3 Kxg5 40.
Re8 Rb3+ 0-1

[Event "38th Nezhmetdinov Mem"]
[Site "Kazan RUS"]
[Date "2016.06.07"]
[Round "8.50"]
[White "Gismatullin, Sayar"]
[Black "Fedotov, Nikita2"]
[Result "1/2-1/2"]
[WhiteElo "1875"]
[BlackElo "2192"]
[WhiteFideId "34110930"]
[BlackFideId "24161446"]
[EventDate "2016.05.31"]

1. e4 c5 2. Nf3 d6 3. d4 cxd4 4. Nxd4 Nf6 5. Nc3 a6 6. Be2 e6 7. Be3 Be7 8. O-O
O-O 9. a4 Qc7 10. Kh1 Nc6 11. f4 Re8 12. Nb3 b6 13. Qe1 Bb7 14. Qf2 Nd7 15. Rad1
Nb4 16. Bf3 Rad8 17. Rd4 Nc6 18. Rdd1 Nc5 19. Nd4 Nb4 20. f5 Bf6 21. fxe6 fxe6
22. g4 Rf8 23. Qg2 Be5 24. g5 g6 25. Nce2 Rxf3 26. Nxf3 Bxe4 27. c3 Nd5 28. Bxc5
Qxc5 1/2-1/2

[Event "38th Nezhmetdinov Mem"]
[Site "Kazan RUS"]
[Date "2016.06.07"]
[Round "8.51"]
[White "Parnali, S Dharia"]
[Black "Isaykin, Artem"]
[Result "1/2-1/2"]
[WhiteTitle "WIM"]
[WhiteElo "2160"]
[BlackElo "1973"]
[WhiteFideId "5043131"]
[BlackFideId "34165344"]
[EventDate "2016.05.31"]

1. g3 Nf6 2. c4 c5 3. Bg2 g6 4. Nf3 Bg7 5. O-O O-O 6. d4 cxd4 7. Nxd4 Nc6 8. Nc3
Nxd4 9. Qxd4 d6 10. Qh4 h5 11. Bg5 Be6 12. Rad1 Qa5 13. Rd3 Rab8 14. b3 Nh7 15.
Bd2 Qd8 16. Nd5 Re8 17. h3 f6 18. Qd4 a6 19. Bc3 Bf7 20. Rfd1 Nf8 21. f4 Nd7 22.
Qf2 b5 23. cxb5 Rxb5 24. b4 e6 25. Ne3 d5 26. Nc2 f5 27. Bxg7 Kxg7 1/2-1/2

[Event "38th Nezhmetdinov Mem"]
[Site "Kazan RUS"]
[Date "2016.06.07"]
[Round "8.52"]
[White "Emelianov, Fedor"]
[Black "Tishova, Svetlana"]
[Result "1/2-1/2"]
[WhiteElo "2134"]
[BlackElo "1946"]
[WhiteFideId "24140228"]
[BlackFideId "24173550"]
[EventDate "2016.05.31"]

1. d4 d5 2. e3 Nf6 3. Bd3 c5 4. c3 e6 5. f4 Nbd7 6. Nf3 Be7 7. O-O b6 8. Bd2 Bb7
9. Be1 Ne4 10. Nbd2 O-O 11. Qc2 Ndf6 12. Ne5 Nxd2 13. Bxd2 Ne4 14. Rad1 f6 15.
Nf3 Qc7 16. Be1 cxd4 17. Nxd4 Qc8 18. Bh4 Bc5 19. Qe2 a5 20. Rc1 Ba6 21. c4 Qd7
22. Rfd1 Bxd4 23. Bxe4 Bc5 24. Bf2 Qe7 25. Bd3 Rad8 26. cxd5 Bxd3 27. Rxd3 Rxd5
28. Rcd1 Rfd8 29. e4 Rxd3 30. Rxd3 Bxf2+ 31. Kxf2 Qc5+ 32. Kg3 Rxd3+ 33. Qxd3 h6
34. Qd8+ Kh7 35. Qd3 e5 36. f5 Qc1 37. b3 Qg5+ 38. Kh3 Qh5+ 39. Kg3 Qg5+ 40. Kh3
Qh5+ 1/2-1/2

[Event "38th Nezhmetdinov Mem"]
[Site "Kazan RUS"]
[Date "2016.06.07"]
[Round "8.53"]
[White "Pogorelskikh, Sofia"]
[Black "Andreev, Viktor"]
[Result "1/2-1/2"]
[BlackTitle "FM"]
[WhiteElo "1744"]
[BlackElo "2128"]
[WhiteFideId "44164548"]
[BlackFideId "4133277"]
[EventDate "2016.05.31"]

1. e4 e5 2. Nf3 Nc6 3. Bb5 a6 4. Ba4 Nf6 5. O-O Be7 6. Re1 b5 7. Bb3 d6 8. c3
O-O 9. d3 Na5 10. Bc2 c5 11. Nbd2 Ne8 12. d4 cxd4 13. cxd4 Nc6 14. d5 Nb4 15.
Bb1 a5 16. a3 Na6 17. b4 Bg4 18. Qb3 Rc8 19. h3 Bd7 20. Nf1 h5 21. Ne3 g6 22.
Bd2 a4 23. Qa2 Ng7 24. Bd3 f5 25. exf5 gxf5 26. Nxe5 dxe5 27. d6+ Be6 28. dxe7
Qxe7 29. Qb2 Qd7 30. Bf1 1/2-1/2

[Event "38th Nezhmetdinov Mem"]
[Site "Kazan RUS"]
[Date "2016.06.07"]
[Round "8.54"]
[White "Zharkov, Nikolay"]
[Black "Skvortsov, Vladimir"]
[Result "0-1"]
[WhiteElo "1629"]
[BlackElo "2016"]
[WhiteFideId "54193648"]
[BlackFideId "24183792"]
[EventDate "2016.05.31"]

1. Nf3 d5 2. c4 c6 3. b3 a5 4. g3 Bf5 5. Bg2 e6 6. O-O Nd7 7. Bb2 Ngf6 8. d3 a4
9. a3 axb3 10. Qxb3 Nc5 11. Qd1 Na4 12. Be5 Nd7 13. cxd5 exd5 14. Bf4 Be7 15.
Re1 Ndc5 16. Nbd2 O-O 17. Nb3 Bf6 18. Nxc5 Nxc5 19. d4 Na4 20. Qb3 Qe7 21. Rac1
Be4 22. Be5 Bxe5 23. Nxe5 Bxg2 24. Kxg2 f6 25. Nf3 Kh8 26. Nd2 Qf7 27. Qb4 Rfd8
28. Kg1 Qf8 29. Qxb7 c5 30. dxc5 Nxc5 31. Qb4 Ne6 32. Qxf8+ Rxf8 33. Rc6 Nd4 34.
Rc5 Rfd8 35. e3 Ne6 36. Rc6 Ng5 37. h4 Nf7 38. Ra1 Ne5 39. Rb6 d4 40. exd4 Rxd4
41. Nb3 Rd3 42. a4 f5 43. a5 f4 44. a6 Nf3+ 45. Kf1 Rxb3 0-1

[Event "38th Nezhmetdinov Mem"]
[Site "Kazan RUS"]
[Date "2016.06.07"]
[Round "8.55"]
[White "Novikov, Roman"]
[Black "Karamov, Stepan"]
[Result "1-0"]
[WhiteElo "1981"]
[BlackElo "1785"]
[WhiteFideId "24198498"]
[BlackFideId "24198145"]
[EventDate "2016.05.31"]

1. e4 c5 2. Nf3 e6 3. c3 Nf6 4. e5 Nd5 5. d4 cxd4 6. cxd4 d6 7. Bc4 Nb6 8. Bd3
Nc6 9. O-O dxe5 10. dxe5 Nb4 11. Be4 Qxd1 12. Rxd1 N4d5 13. Nc3 Be7 14. Nxd5
Nxd5 15. Bxd5 exd5 16. Rxd5 Be6 17. Rd1 O-O 18. Be3 Rfd8 19. Nd4 Bd7 20. Rd2 Kf8
21. Rad1 Ke8 22. f4 Bc5 23. h3 Bxd4 24. Rxd4 Be6 25. b3 Rxd4 26. Rxd4 a6 27. g4
Rd8 28. Rb4 Rd1+ 29. Kf2 Bd5 30. Rb6 Bc6 31. a4 Rh1 32. Kg3 Re1 33. Bc5 Rc1 34.
b4 Rc3+ 35. Kh4 Rb3 36. f5 Kd7 37. g5 g6 38. e6+ fxe6 39. f6 Ke8 40. b5 axb5 41.
a5 Rc3 42. a6 Rc2 43. axb7 Bxb7 44. Rxb7 Rc4+ 45. Kg3 Rxc5 46. Kf4 Rf5+ 47. Kg4
e5 48. Rxh7 e4 49. Re7+ Kf8 50. Rxe4 Rc5 51. h4 Rc7 52. Rf4 Kf7 53. h5 gxh5+ 54.
Kxh5 Rc5 55. Kh6 1-0

[Event "38th Nezhmetdinov Mem"]
[Site "Kazan RUS"]
[Date "2016.06.07"]
[Round "8.57"]
[White "Pavlova, Nataliy"]
[Black "Bogatov, Bogdan"]
[Result "1-0"]
[WhiteElo "2010"]
[BlackElo "1680"]
[WhiteFideId "24135615"]
[BlackFideId "34110612"]
[EventDate "2016.05.31"]

1. Nf3 c5 2. c4 Nf6 3. g3 b6 4. Bg2 Bb7 5. O-O e6 6. e3 Be7 7. b3 O-O 8. Bb2 Qc7
9. Nc3 a6 10. Rc1 d6 11. d4 cxd4 12. exd4 Nbd7 13. Qe2 Rac8 14. Rfd1 Qb8 15. Ne1
Rfe8 16. Ba3 Bxg2 17. Nxg2 Bf8 18. Ne3 Qb7 19. d5 exd5 20. Qf3 Nc5 21. Ncxd5
Nxd5 22. Nxd5 Qa7 23. Qg4 Kh8 24. Bb2 Qd7 25. Qh5 Rb8 26. Bd4 Qa7 27. Rc3 Ne6
28. Rf3 Rb7 29. Bb2 b5 30. g4 Kg8 31. g5 bxc4 32. Rh3 h6 33. gxh6 Rb5 34. hxg7
Bxg7 35. Qh8+ 1-0

[Event "38th Nezhmetdinov Mem"]
[Site "Kazan RUS"]
[Date "2016.06.07"]
[Round "8.58"]
[White "Talipov, Vitaly"]
[Black "Shaidullin, Askar"]
[Result "0-1"]
[WhiteElo "1616"]
[BlackElo "1934"]
[WhiteFideId "54123798"]
[BlackFideId "34159662"]
[EventDate "2016.05.31"]

1. e4 c6 2. Nc3 d5 3. Nf3 dxe4 4. Nxe4 Nd7 5. d4 Ngf6 6. Bd3 Nxe4 7. Bxe4 Nf6 8.
Bd3 Bg4 9. c3 Qd5 10. Be2 e6 11. O-O Bd6 12. h3 Bh5 13. c4 Qa5 14. a3 Qc7 15. b4
O-O 16. Bb2 Be7 17. Ne5 Bxe2 18. Qxe2 Nd7 19. f4 Nb6 20. Qc2 Nc8 21. f5 exf5 22.
Rxf5 Nd6 23. Rf3 f6 24. Ng4 Rae8 25. c5 Nf7 26. Qb3 Qd7 27. Ne3 Kh8 28. h4 Bd8
29. Qc2 Re6 30. Rd1 Rfe8 31. Qf2 Bc7 32. d5 cxd5 33. Nxd5 Re2 34. Qd4 Be5 35.
Qc4 Bxb2 36. Ne3 Ne5 37. Qxe2 Nxf3+ 38. Qxf3 Qe6 39. Rd6 Qe5 40. Rd5 Qc3 41. Kh2
Bxa3 42. Qe4 Rg8 43. Qe7 Qxb4 0-1

[Event "38th Nezhmetdinov Mem"]
[Site "Kazan RUS"]
[Date "2016.06.07"]
[Round "8.59"]
[White "Khafizov, Emir"]
[Black "Chumak, Dmitrii"]
[Result "1-0"]
[WhiteElo "1684"]
[BlackElo "1826"]
[WhiteFideId "34150355"]
[BlackFideId "34106658"]
[EventDate "2016.05.31"]

1. d4 c6 2. c4 d5 3. Nf3 Nf6 4. Qc2 e6 5. g3 Nbd7 6. Bg2 b6 7. O-O g6 8. Nbd2
Bg7 9. b3 Bb7 10. Bb2 O-O 11. Rfd1 Rc8 12. e4 dxe4 13. Nxe4 Nxe4 14. Qxe4 Nf6
15. Qe2 Re8 16. Rd2 Qc7 17. Ne5 Rcd8 18. Rad1 Nd7 19. Nd3 c5 20. Bxb7 Qxb7 21.
dxc5 Bxb2 22. Nxb2 bxc5 23. Na4 Qc7 24. Qe3 a6 25. Nxc5 Nxc5 26. Rxd8 Rxd8 27.
Rxd8+ Qxd8 28. Qxc5 1-0

[Event "38th Nezhmetdinov Mem"]
[Site "Kazan RUS"]
[Date "2016.06.07"]
[Round "8.60"]
[White "Shkalikova, Marina"]
[Black "Kovaleva, Ekaterina"]
[Result "0-1"]
[WhiteElo "1823"]
[BlackElo "1786"]
[WhiteFideId "34111333"]
[BlackFideId "34128252"]
[EventDate "2016.05.31"]

1. d4 d5 2. Bf4 Nf6 3. e3 e6 4. Nf3 c5 5. Nbd2 Bd6 6. Bg3 Nc6 7. c3 O-O 8. Bd3
b6 9. O-O Bxg3 10. hxg3 Re8 11. Ne5 Qc7 12. Ndf3 Ne4 13. Rc1 Bb7 14. c4 Nxe5 15.
Nxe5 Qe7 16. cxd5 exd5 17. Nf3 c4 18. Bxe4 Qxe4 19. Qa4 Qe6 20. Qb4 Rac8 21. Rc2
Qf5 22. Rfc1 Re6 23. Ne5 Rh6 24. Qe7 Ba6 25. g4 Qe6 26. Qxa7 Bb5 27. a4 Be8 28.
g5 Rh5 29. Nf3 h6 30. gxh6 Qxh6 31. Kf1 Qg6 32. Ke2 Qd3+ 0-1

[Event "38th Nezhmetdinov Mem"]
[Site "Kazan RUS"]
[Date "2016.06.07"]
[Round "8.61"]
[White "Spiridonova, Yana"]
[Black "Safin, Robert"]
[Result "1/2-1/2"]
[WhiteElo "1824"]
[BlackElo "1581"]
[WhiteFideId "24174262"]
[BlackFideId "34189120"]
[EventDate "2016.05.31"]

1. d4 Nf6 2. c4 g6 3. Nc3 Bg7 4. g3 d6 5. Bg2 O-O 6. Nf3 c5 7. O-O Nc6 8. d5 Na5
9. Nd2 a6 10. Rb1 Rb8 11. b4 cxb4 12. Rxb4 Nd7 13. Bb2 Nc5 14. Nce4 Bxb2 15.
Rxb2 Nxe4 16. Bxe4 Bd7 17. Qc2 Qc7 18. Rfb1 b5 19. cxb5 Qxc2 20. Bxc2 Rxb5 21.
Bd3 Rxd5 22. Bxa6 Rc5 23. Ne4 Rc7 24. Nd2 Kg7 25. a4 Ra8 26. Bb5 Bxb5 27. axb5
Nb7 28. Nf3 Rc4 29. e3 e5 30. Nd2 Rcc8 1/2-1/2

[Event "38th Nezhmetdinov Mem"]
[Site "Kazan RUS"]
[Date "2016.06.07"]
[Round "8.62"]
[White "Gavrilin, Roman"]
[Black "Grekhov, Luka"]
[Result "1/2-1/2"]
[WhiteElo "1753"]
[BlackElo "1639"]
[WhiteFideId "54104564"]
[BlackFideId "44129637"]
[EventDate "2016.05.31"]

1. e4 c5 2. Nf3 e6 3. d4 cxd4 4. Nxd4 a6 5. Nc3 Qc7 6. a3 Nf6 7. Be2 Nc6 8. O-O
Bc5 9. Be3 Qd6 10. Nxc6 Qxd1 11. Raxd1 Bxe3 12. fxe3 dxc6 13. Rd2 e5 14. Rfd1
Be6 15. h3 Ke7 16. Bf3 Rad8 17. Na4 Rxd2 18. Rxd2 Rd8 19. Rxd8 Kxd8 20. Nc5 Bc8
21. Na4 Be6 22. Nc5 Bc8 23. Na4 Be6 1/2-1/2